| 000 | 00378nam a2200145Ia 4500 | ||
|---|---|---|---|
| 003 | LK-CoDNM | ||
| 008 | 010623t1908 xxu||||| |||| 00| 1 eng d | ||
| 040 |
_aLK-CoDNM _dLK-CoDNM _eLK-CoDNM |
||
| 041 | _aeng | ||
| 080 |
_a50 _bC18 |
||
| 245 | _aCalendar of the Ceylon Medical College,1908-1909 | ||
| 260 |
_bGovernment Press _aColombo _c1908 |
||
| 300 | _b89P., 23 cm | ||
| 942 | _cBK | ||
| 999 |
_c86658 _d86658 |
||